Planning appeals (Record no. 85319)
[ view plain ]
| 000 -LEADER | |
|---|---|
| fixed length control field | 01332cgm a2200277 4500 |
| 008 - FIXED-LENGTH DATA ELEMENTS--GENERAL INFORMATION | |
| fixed length control field | 090401t1992 xxu||||| |||| 00| 0 eng d |
| 020 ## - INTERNATIONAL STANDARD BOOK NUMBER | |
| International Standard Book Number | 0947763554 |
| 035 ## - SYSTEM CONTROL NUMBER | |
| System control number | (Sirsi) u61066 |
| 041 ## - LANGUAGE CODE | |
| Language code of text/sound track or separate title | eng |
| 041 ## - LANGUAGE CODE | |
| Language code of text/sound track or separate title | eng |
| 050 ## - LIBRARY OF CONGRESS CALL NUMBER | |
| Classification number | 711.1 |
| -- | 18 |
| 100 ## - MAIN ENTRY--PERSONAL NAME | |
| Personal name | Bather, Nicholas John |
| 245 ## - TITLE STATEMENT | |
| Title | Planning appeals |
| Remainder of title | a CPD study pack |
| 260 ## - PUBLICATION, DISTRIBUTION, ETC. | |
| Place of publication, distribution, etc. | Reading |
| Name of publisher, distributor, etc. | College of Estate Management |
| Date of publication, distribution, etc. | 1992 |
| 300 ## - PHYSICAL DESCRIPTION | |
| Extent | v, 48p. |
| Dimensions | 30cm. + 1 audio cassette (ca. 60 min.) |
| 350 ## - PRICE (NR) (BK AM CF MU VM SE) [OBSOLETE] | |
| Price | 30 |
| 490 ## - SERIES STATEMENT | |
| Series statement | College of Estate Management CPD Study Pack |
| 520 ## - SUMMARY, ETC. | |
| Summary, etc. | This pack details the whole course of the planning appeals process, incorporating the most recent legislation and regulations covering procedural matters. The author, a former member of the Department of the Environment Inspectorate, draws upon direct practical experience to review outstanding examples of planning appeals decisions, together with the implicationsthese have for developers, landowners and planning authorities. |
| 520 ## - SUMMARY, ETC. | |
| Summary, etc. | Accompanied by Owlion Audio Programme" entitled "Planning applications and appeals no.2" which is available to borrow seperately (B3204). |
| 650 ## - SUBJECT ADDED ENTRY--TOPICAL TERM | |
| Topical term or geographic name entry element | PLANNING APPEALS |
| 650 ## - SUBJECT ADDED ENTRY--TOPICAL TERM | |
| Topical term or geographic name entry element | PLANNING APPLICATIONS |
| 690 ## - LOCAL SUBJECT ADDED ENTRY--TOPICAL TERM (OCLC, RLIN) | |
| Topical term or geographic name as entry element | PLANNING LAW AND PRACTICE |
| 710 ## - ADDED ENTRY--CORPORATE NAME | |
| Corporate name or jurisdiction name as entry element | College of Estate Management |
| 9 (RLIN) | 400 |
| 942 ## - ADDED ENTRY ELEMENTS (KOHA) | |
| Suppress in OPAC | 0 |
| 948 ## - LOCAL PROCESSING INFORMATION (OCLC); SERIES PART DESIGNATOR (RLIN) | |
| c (OCLC) | 04/03/1997 |
| Withdrawn status | Lost status | Source of classification or shelving scheme | Damaged status | Not for loan | Home library | Current library | Shelving location | Date acquired | Cost, normal purchase price | Total Checkouts | Full call number | Barcode | Date last seen | Date last checked out | Copy number | Cost, replacement price | Price effective from | Koha item type |
|---|---|---|---|---|---|---|---|---|---|---|---|---|---|---|---|---|---|---|
| Dewey Decimal Classification | London | London | Basement | 31/05/1994 | 30.00 | 39 | ENQUIRY DESK | 30041692 | 06/08/2019 | 18/01/2007 | 1 | 30.00 | 06/08/2019 | Audio |